000 00513 a2200169 4500
003 OSt
005 20231028123557.0
008 231028b |||||||| |||| 00| 0 eng d
020 _a9789354826245
040 _coclc
082 _a927.914
_bBAL/O
100 _aBalakrishnan, N I
_99789
245 _a OTTAFRAMIL OTHUNGATHE CINEMAYUM JEEVITHAVUM /
_cN I Balakrishnan
260 _aKottayam:
_bD C Books,
_c2023.
300 _a112p,
_c21 cm
942 _2ddc
_cBK
_h927.914
_iBAL/O
_k927.914
_mBAL/O
999 _c42913
_d42913